Представление документа в формате MARC21

ПолеНазваниеЗначение
  Тип записи a
  Библиографический уровень m
001 Контрольный номер RU\infra-m\znanium\bibl\2236878
005 Дата корректировки 20260429142117.7
008 Кодируемые данные 260402s2025 RU g rus u
020 Индекс ISBN __
a ISBN 978-5-9614-8685-8
040 Источник каталогиз. __
a Служба первич. каталог. Общество с ограниченной ответственностью «ЗНАНИУМ»
041 Код языка издания __
a Код языка текста rus
044 Код страны публикации __
a Код страны публикации RU
080 Индекс УДК __
a Индекс УДК 331
084 Индекс другой классификации/Индекс ББК __
2 Источник индекса rubbk
a Индекс другой классификации/Индекс ББК 8511
100 Автор __
a Автор Логачева Э.
q Полное имя Логачева Элина
245 Заглавие __
a Заглавие Профессия — архитектор: от города до дверной ручки
b Продолж. заглавия Научно-популярная литература
250 Сведения об издании __
a Основные сведения об издании 1
260 Выходные данные __
a Место издания Москва
b Издательство ООО "Альпина Паблишер"
c Дата издания 2026
300 Физическое описание __
a Объем 70 с.
440 Серия __
a Серия Крутая работа
520 Аннотация __
a Аннотация Кто такой архитектор и чем он занимается? Нужно ли архитектору уметь рисовать и программировать? Может ли он в одиноч ку придумать и построить дом? А спланировать как будет выглядеть ЦЕЛЫЙ город? Эта книга расскажет чем на самом деле занимается архитектор. Как он мыслит и принимает решения что должен уметь чья помощь ему нужна в работе и из чего состоит его день. Каждая профессия полна загадок. Иногда сложно представить сколько знаний сил и труда прячется за построенным домом написанной книгой или созданной видеоигрой. Серия «Крутая работа» покажет всё что прячется за занавесом и даст реальное представление о профессиях чтобы помочь ребёнку найти дело по душе. Элина Логачёва — архитектор и иллюстратор. Закончила Уфимский государственный нефтяной технический университет по специальности «Архитектура» Британскую высшую школу дизайна по направлению «Современная графика». Элина работает в сфере концептуального проектирования благоустройства территории и дизайна среды.
521 Примеч. о цел. назн. __
a Примеч. о целев. назн. Дополнительное образование
650 Тематические рубрики __
a Основная рубрика Архитектура. Искусство
x Основная подрубрика Архитектура
655 Указ. предметных рубрик (устаревшее) __
a Жанр/ форма (устаревшее) Научно-популярная литература
856 Электронный адрес документа 4_
a Имя сервера/домена znanium.ru
m Помощь ebs_support@infra-m.ru
n Местонахождение сервера НИЦ ИНФРА-М
u URL https://znanium.ru/catalog/document?id=474651
856 Электронный адрес документа 48
a Имя сервера/домена znanium.ru
d Путь /cover/2236
f Электронное имя 2236878.jpg
q Тип электронного формата image/jpeg
u URL https://znanium.ru/cover/2236/2236878.jpg
911 __
u 0030=https://znanium.ru/catalog/document?id=474651